Information Theory and Network Coding (E-BOOK) (Record no. 196686)
[ view plain ]
| 000 -LEADER | |
|---|---|
| fixed length control field | 01046 a2200145 4500 |
| 003 - CONTROL NUMBER IDENTIFIER | |
| control field | Nust |
| 005 - DATE AND TIME OF LATEST TRANSACTION | |
| control field | 20170207154319.0 |
| 040 ## - CATALOGING SOURCE | |
| Transcribing agency | Nust |
| 100 ## - MAIN ENTRY--PERSONAL NAME | |
| Personal name | Yeung, W. Raymond |
| 245 ## - TITLE STATEMENT | |
| Title | Information Theory and Network Coding (E-BOOK) |
| Remainder of title | Network Coding |
| Statement of responsibility, etc. | Raymond W. Yeung |
| 260 ## - PUBLICATION, DISTRIBUTION, ETC. | |
| Place of publication, distribution, etc. | Hong Kong |
| Name of publisher, distributor, etc. | Springer |
| Date of publication, distribution, etc. | 2008 |
| 300 ## - PHYSICAL DESCRIPTION | |
| Extent | 597 p; |
| 505 ## - FORMATTED CONTENTS NOTE | |
| Formatted contents note | The Science of Information (Page-1) Information Measures (Page-7) The I-Measure (Page-51) Zero-Error Data Compression (Page-81) Weak Typicality (Page-101) Discrete Memoryless Channels (Page-137) Rate-Distortion Theory (Page-183) The Blahut-Arimoto Algorithms (Page-211) Di_erential Entropy (Page-229) Continuous-Valued Channels( Page-257) Information Inequalities (Page-323) Shannon-Type Inequalities (Page-339) Beyond Shannon-Type Inequalities (Page-361) Entropy and Groups (Page-387) Introduction (Page-411) Single-Source Linear Network Coding: Acyclic Networks (Page-435) Single-Source Linear Network Coding: Cyclic Networks (Page-485) Multi-Source Network Coding (Page-505) |
| 650 ## - SUBJECT ADDED ENTRY--TOPICAL TERM | |
| Topical term or geographic name entry element | Information Theory |
| 942 ## - ADDED ENTRY ELEMENTS (KOHA) | |
| Source of classification or shelving scheme | |
| Koha item type | Book |
| Withdrawn status | Lost status | Source of classification or shelving scheme | Damaged status | Not for loan | Collection code | Permanent Location | Current Location | Date acquired | Total Checkouts | Full call number | Barcode | Date last seen | Price effective from | Koha item type |
|---|---|---|---|---|---|---|---|---|---|---|---|---|---|---|
| Military College of Signals (MCS) | Military College of Signals (MCS) | 12/12/2016 | 621.82 YEU | MCSEB-3041 | 12/08/2016 | 12/12/2016 | Book |
